000 00726nam a2200229Ia 4500
003 GCL
005 20240530103511.0
008 140319s9999 xx 000 0 ara d
040 _aGCL /
_cGCL
082 0 4 _a108
_bز س
100 1 _aزكريا ابراهيم
245 1 0 _aسيكلوجية الفكاهة والضحك /
_cزكريا ابراهيم
260 _aالقاهرة :
_bدار مصر للطباعة
300 _a228 ص ؛
_c24 سم
490 _aفى علم النفس
_v0
650 0 4 _aالاهاجى والفكاهات
650 0 4 _aالفلسفة الحديثة
650 0 4 _aالانفعالات النفسية
650 0 4 _aالضحك
650 0 4 _aالفلسفة - نظريات
942 _2ddc
_cBK
999 _c40020
_d40020